| 000 | 00667nam a22002057a 4500 | ||
|---|---|---|---|
| 999 |
_c6487 _d6487 |
||
| 003 | OSt | ||
| 005 | 20200128111315.0 | ||
| 008 | 200128b ||||| |||| 00| 0 eng d | ||
| 020 | _a9780470278512 | ||
| 040 | _c040a | ||
| 082 |
_a375.001 _bCUR 2007 |
||
| 245 |
_aCurriculum development in higher education : _bfaculty-driven processes and practices / _cPeter Wolf, Julia Christensen Hughes |
||
| 260 |
_aSan Franscisco _bJosseybass _c2007 |
||
| 300 |
_a113p; _bill : _c15 am. |
||
| 504 | _aIncludes bibliographical references | ||
| 650 | _2Curriculum development | ||
| 700 |
_aWolf, Peter _913339 |
||
| 700 |
_aHughes, Julia Christensen _913340 |
||
| 942 |
_2ddc _cO_SHELF |
||